000 00378nam a2200145Ia 4500
008 240126s9999 xx 000 0 und d
041 _aEnglish
082 _aLIBRARY-VII
245 0 _aHuman Capital (2004 Aug. -
260 _bHR Information Services
_aNew Delhi
440 _aNULL
650 _aCapital,(2004,Aug.,-,Management,HR
650 _aManagement, HR
942 _cJN
999 _c277335
_d277335